000 00982nas a2200325 4500
001 BR2012001405
003 BR-BrBNA
005 20231205120221.0
007 ta
008 230509b bl.|||p| |||| 00| 00por d
040 _aBR-BrBNA
_bpor
_cBiblioteca Nacional de Agricultura
041 _a(Pt)
072 _aF08; P33
100 1 _aSantos, G.G.
100 1 _aMarchão, R.L.
100 1 _aSilva, E.M. da
100 1 _aSilveira, P.M. da
100 1 _aBecquer, T.
245 1 _aQualidade física do solo sob sistemas de integração lavoura-pecuária
650 _aAGROSSILVICULTURA
650 _aPASTEJO CONTÍNUO
650 _aLATOSSOLO VERMELHO
650 _aFÍSICA DO SOLO
650 _aQUALIDADE
650 _aPOROSIDADE
650 _aCONDUTIVIDADE HIDRÁULICA
773 0 _tPesquisa Agropecuária Brasileira (Brazil)
_xISSN 0100-204X
_g(Oct 2011), v. 46(10) p. 1339-1348
_wBR2012001405
909 _a202311
_bLúcia
_c55
_dLúcia Elande
942 _2AGRIS
_n0
_cANA
999 _c217484
_d217484